HUMAN RIGHTS LAW CONCENTRATE : (Record no. 3388)

MARC details
000 -LEADER
fixed length control field 00536cam a2200205M 4500
001 - CONTROL NUMBER
control field ocn993643886
003 - CONTROL NUMBER IDENTIFIER
control field OCoLC
005 - DATE AND TIME OF LATEST TRANSACTION
control field 20170825152437.0
008 - FIXED-LENGTH DATA ELEMENTS--GENERAL INFORMATION
fixed length control field 170717s2017 xx 000 0 eng d
020 ## - INTERNATIONAL STANDARD BOOK NUMBER
International Standard Book Number 0198794177
020 ## - INTERNATIONAL STANDARD BOOK NUMBER
International Standard Book Number 9780198794172
035 ## - SYSTEM CONTROL NUMBER
System control number (OCoLC)993643886
040 ## - CATALOGING SOURCE
Original cataloging agency YDX
Language of cataloging eng
Transcribing agency YDX
049 ## - LOCAL HOLDINGS (OCLC)
Holding library TZAA
100 1# - MAIN ENTRY--PERSONAL NAME
Personal name RAINEY, BERNADETTE.
245 10 - TITLE STATEMENT
Title HUMAN RIGHTS LAW CONCENTRATE :
Remainder of title law revision and study guide.
260 ## - PUBLICATION, DISTRIBUTION, ETC. (IMPRINT)
Place of publication, distribution, etc [S.l.] :
Name of publisher, distributor, etc OXFORD UNIV PRESS,
Date of publication, distribution, etc 2017.
600 ## - SUBJECT ADDED ENTRY--PERSONAL NAME
Source of heading or term on order
942 ## - ADDED ENTRY ELEMENTS (KOHA)
Source of classification or shelving scheme Library of Congress Classification
Koha item type Books
Holdings
Home library Current library Date acquired Full call number Koha item type
African Court on Human and Peoples' Rights Library African Court on Human and Peoples' Rights Library 25/08/2017 on order Books

African Court on Human and Peoples' Rights | For Inquiries Contact » +255 272 510 510